Redžúr 2010 : 4th International Workshop on Speech and Signal Processing, Bratislava, Slovak Republic, May 14, 2010

Na minha lista:
Detalhes bibliográficos
Outros Autores: Rozinaj, Gregor, 1957- (Editor), Vojtko, Juraj, 1981- (Editor), Kőrősi, Ján, 1982- (Editor), Dedíková, Zuzana, 1987- (Editor)
Formato: Livro
Idioma:inglês
Publicado em: Bratislava : Nakladateľstvo STU, 2010
Tags: Adicionar Tag
Sem tags, seja o primeiro a adicionar uma tag!

MARC

LEADER 00000nam a22000003a 4500
001 stu220713
005 20230308141048.4
008 110128s2010------------------------eng-d
020 |a 978-80-227-3296-3 
040 |a STU  |b slo 
041 0 |a eng 
100 1 |a Rozinaj, Gregor,  |d 1957-  |4 edt  |u E070  |U FEI Fakulta elektrotechniky a informatiky  |T FEI Ústav telekomunikácií  |X 1945  |U E070  |Y 818  |7 A000001945 
245 1 |a Redžúr 2010 :  |b 4th International Workshop on Speech and Signal Processing, Bratislava, Slovak Republic, May 14, 2010 
260 |a Bratislava :  |b Nakladateľstvo STU,  |c 2010 
300 |a 141 s. [CD-Rom 
700 1 |a Vojtko, Juraj,  |d 1981-  |4 edt  |u E070  |U FEI Fakulta elektrotechniky a informatiky  |T FEI Ústav telekomunikácií  |X 10303  |U E070  |Y 818  |7 A000010303 
700 1 |a Kőrősi, Ján,  |d 1982-  |4 edt  |u E240  |U FEI Fakulta elektrotechniky a informatiky  |T FEI Katedra telekomunikácií  |X 3447  |U E240  |Y 72  |7 A0000003447 
700 1 |a Dedíková, Zuzana,  |d 1987-  |4 edt  |u E  |T FEI Fakulta elektrotechniky a informatiky  |X 35975  |U E  |Y 30  |7 A000035975 
996 |b 284EO00305  |c E*O-305  |l EE0104  |s P  |a 0  |w stu220713_0001